A7-SCH - Statistiques

Statistiques générales
  • Ce quiz a été pris 159 fois
  • Le résultat moyen est 8 sur 14
Statistiques - réponses
Ordre Nom du son % Correct
2. A7
99%
14. Fusil
78%
1. John Lennon
77%
7. Gomorra
72%
12. Champs-Elysées
70%
9. Liquide
62%
3. Solides
52%
4. Gedeon
51%
10. Pas de manière
51%
5. Rêves de gosse
49%
6. Genny & Ciiro
45%
11. Drogue prohibée
41%
13. J'reviens de loin
39%
8. Mauvaises Idées
32%
Aucun quiz correspondant
Distribution des résultats
% des personnes avec chaque résultat
Percentile par nombre de réponses
Votre historique - résultats
Vous n’avez pas pris ce quiz